Normal view
MARC view
Entry Personal Name
001 - CONTROL NUMBER
- control field: 1237780
003 - CONTROL NUMBER IDENTIFIER
- control field: OSt
005 - DATE AND TIME OF LATEST TRANSACTION
- control field: 20260430150531.0
008 - FIXED-LENGTH DATA ELEMENTS
- fixed length control field: 260430|| aca||aabn | a|a d
040 ## - CATALOGING SOURCE
- Original cataloging agency: OSt
- Transcribing agency: OSt
100 ## - HEADING--PERSONAL NAME
- Personal name: Rajoria Prastha Au.; Anshu Gu
670 ## - SOURCE DATA FOUND
- Source citation: Work cat.: (OSt)1850014: Rajoria Prastha Au.; Anshu Gu., Impact of Peer-To-Peer (P2p) Accomodation Economy on The Tourism in The Post Covid Era: A Case Study of Rajasthan, 2024
